Prepare to board! : (Record no. 533123)

000 -LEADER
fixed length control field 01478cam a2200337 a 4500
001 - CONTROL NUMBER
control field 14514441
003 - CONTROL NUMBER IDENTIFIER
control field NUST
005 - DATE AND TIME OF LATEST TRANSACTION
control field 20191212141432.0
008 - FIXED-LENGTH DATA ELEMENTS--GENERAL INFORMATION
fixed length control field 060823s2007 ne a 001 0 eng
010 ## - LIBRARY OF CONGRESS CONTROL NUMBER
LC control number 2006028112
020 ## - INTERNATIONAL STANDARD BOOK NUMBER
International Standard Book Number 9780240808208 (pbk. : alk. paper)
020 ## - INTERNATIONAL STANDARD BOOK NUMBER
International Standard Book Number 0240808207 (pbk. : alk. paper)
035 ## - SYSTEM CONTROL NUMBER
System control number (OCoLC)ocm71266403
038 ## - RECORD CONTENT LICENSOR
Staff Name waseem
040 ## - CATALOGING SOURCE
Original cataloging agency DLC
Transcribing agency DLC
Modifying agency BAKER
-- C#P
-- YDXCP
-- BTCTA
-- IH7
-- DLC
050 00 - LIBRARY OF CONGRESS CALL NUMBER
Classification number NC1765
Item number .B38 2007
082 00 - DEWEY DECIMAL CLASSIFICATION NUMBER
Classification number 791.4334
Author Mark BIE
100 1# - MAIN ENTRY--PERSONAL NAME
Personal name Beiman, Nancy.
9 (RLIN) 26841
245 10 - TITLE STATEMENT
Title Prepare to board! :
Remainder of title creating story and characters for animated features and shorts /
Statement of responsibility, etc. Nancy Beiman.
260 ## - PUBLICATION, DISTRIBUTION, ETC.
Place of publication, distribution, etc. Amsterdam ;
-- Boston :
Name of publisher, distributor, etc. Focal Press,
Date of publication, distribution, etc. c2007.
300 ## - PHYSICAL DESCRIPTION
Extent xiv, 317 p. :
Other physical details ill. (some col.) ;
Dimensions 26 cm.
504 ## - BIBLIOGRAPHY, ETC. NOTE
Bibliography, etc. note Includes bibliographical references (p. 279-282) and index.
650 #0 - SUBJECT ADDED ENTRY--TOPICAL TERM
Topical term or geographic name entry element Animated films
General subdivision Authorship.
9 (RLIN) 26842
650 #0 - SUBJECT ADDED ENTRY--TOPICAL TERM
Topical term or geographic name entry element Animation (Cinematography)
9 (RLIN) 26843
650 #0 - SUBJECT ADDED ENTRY--TOPICAL TERM
Topical term or geographic name entry element Cartoon characters.
9 (RLIN) 26844
856 4# - ELECTRONIC LOCATION AND ACCESS
Uniform Resource Identifier <a href="http://www.loc.gov/catdir/toc/ecip0620/2006028112.html">http://www.loc.gov/catdir/toc/ecip0620/2006028112.html</a>
Public note Table of contents only
856 42 - ELECTRONIC LOCATION AND ACCESS
Materials specified Publisher description
Uniform Resource Identifier <a href="http://www.loc.gov/catdir/enhancements/fy0703/2006028112-d.html">http://www.loc.gov/catdir/enhancements/fy0703/2006028112-d.html</a>
906 ## - LOCAL DATA ELEMENT F, LDF (RLIN)
a 7
b cbc
c orignew
d 1
e ecip
f 20
g y-gencatlg
942 ## - ADDED ENTRY ELEMENTS (KOHA)
Source of classification or shelving scheme
Koha item type Book
Holdings
Withdrawn status Lost status Source of classification or shelving scheme Damaged status Not for loan Permanent Location Current Location Date acquired Source of acquisition Total Checkouts Full call number Barcode Date last seen Price effective from Koha item type
          Central Library (CL) Central Library (CL) 12/12/2019 Donation   791.4334 BIE CL-D-807 07/27/2023 12/12/2019 Book
© 2023 Central Library, National University of Sciences and Technology. All Rights Reserved.